000 00555nam a2200217Ia 4500
003 OSt
005 20220928144509.0
006 a|||||r|||| 00| 0
007 ta
008 220927b |||||||| |||| 00| 0 eng d
024 _a71099
037 _cTextual
040 _aSDCL
_cSDCL
_beng
041 _2eng
_aeng
082 _aX:54.21'D, M8
100 _aAbraham Meera
_9493868
245 0 _aTwo medieval merchant guilds of South India.
260 _c1988
942 _hX:54.21'D, M8
_cTEXL
_2CC
999 _c827378
_d827378